000 00404nam a2200169Ia 4500
008 230524s9999 xx 000 0 und d
020 _a8129704196
082 _a621.3812
_bBHA
100 _aS.K.Bhatacharya
245 0 _aControl Systems Engineering
250 _a1ST
260 _aSINGAPORE
_bPearson
_c2005
300 _aX;526
500 _aQuantity Number: 2
650 _aElectrical
942 _cBK
999 _c6607
_d6607